000 00588nam a2200181 u 4500
005 20221117063541.0
008 170619s1978 mx r 000 0 spa d
035 _aUPN01000218869
049 _aCG
050 4 _aLB2331.4
_bD7.2
100 1 _aDromundo Chorné, Baltasar,
_d1906-1987
_940645
245 1 0 _aCrónica de la autonomía universitaria de México /
_cBaltasar Dromundo.
260 _aMéxico :
_bJus,
_c1978.
300 _a218 p.
650 7 _aAutonomía universitaria
_zMéxico
_2
_914289
610 2 4 _aUniversidad Nacional Autónoma de México
_xHistoria
_94433
905 _aLibro
999 _c190969
_d190969